[Event "Pan American-ch U16 Girls 27th"]
[Site "Montevideo"]
[Date "2016.07.31"]
[Round "9"]
[White "Yang, Kaitlyn"]
[Black "Toro Castaneda, Elizabeth"]
[Result "0-1"]
[WhiteElo "1719"]
[BlackElo "1843"]
[PlyCount "150"]
[EventDate "2016.07.25"]
[EventType "swiss"]
[EventRounds "9"]
[EventCountry "URU"]
[SourceTitle "EXT 2017"]
[Source "ChessBase"]
[SourceDate "2016.10.25"]
[SourceVersion "1"]
[SourceVersionDate "2016.10.25"]
[SourceQuality "1"]

1. e4 c5 2. Nf3 d6 3. d4 cxd4 4. Nxd4 Nf6 5. Nc3 g6 6. Be3 Bg7 7. Be2 0-0 8. 0-0 Nc6 9. Nb3 a6 10. f4 Bd7 11. h3 Rc8 12. Qe1 b5 13. a3 Re8 14. g4 Be6 15. Nd4 Nxd4 16. Bxd4 Bc4 17. g5 Bxe2 18. Qxe2 Nh5 19. Bxg7 Kxg7 20. Qe3 a5 21. f5 b4 22. axb4 axb4 23. Qd4+ Kg8 24. Qxb4 Rb8 25. Qc4 e6 26. h4 Qb6+ 27. Rf2 Rec8 28. Qb3 Qe3 29. Qa3 Nf4 30. Raf1 Nh3+ 31. Kg2 Nxf2 32. Rxf2 exf5 33. exf5 Qe5 34. fxg6 hxg6 35. Rf6 Rc4 36. Qa7 Rg4+ 37. Kf3 Qg3+ 38. Ke2 Re8+ 39. Kd2 Qe1+ 40. Kd3 Re7 41. Qb6 d5 42. Qf2 Rg3+ 43. Kd4 Qe5+ 44. Kc5 Rd7 45. Kb4 Rb7+ 46. Rb6 Rg4+ 47. Kb3 Qc7 48. Rxb7 Qxb7+ 49. Ka2 d4 50. Nd1 d3 51. Ne3 Ra4+ 52. Kb1 Qh1+ 53. Qf1 Qxf1+ 54. Nxf1 dxc2+ 55. Kxc2 Rxh4 56. Ne3 Rh5 57. Kd3 Rxg5 58. Ke4 Rb5 59. Nd1 f5+ 60. Kf4 Kf7 61. Kg5 Rb3 62. Kf4 Rd3 63. Nc3 Rxc3 64. bxc3 Ke6 65. Ke3 Kd5 66. Kf4 Kc4 67. Kg5 Kxc3 68. Kf4 Kd4 69. Kg5 Ke4 70. Kh4 Kf4 71. Kh3 g5 72. Kg2 g4 73. Kf2 g3+ 74. Kf1 Kf3 75. Kg1 g2 0-1

[Event "Pan American-ch U16 Girls 27th"]
[Site "Montevideo"]
[Date "2016.07.28"]
[Round "5"]
[White "Vildosola Canales, Melany Selena"]
[Black "Yang, Kaitlyn"]
[Result "1/2-1/2"]
[WhiteElo "1610"]
[BlackElo "1719"]
[PlyCount "91"]
[EventDate "2016.07.25"]
[EventType "swiss"]
[EventRounds "9"]
[EventCountry "URU"]
[SourceTitle "EXT 2017"]
[Source "ChessBase"]
[SourceDate "2016.10.25"]
[SourceVersion "1"]
[SourceVersionDate "2016.10.25"]
[SourceQuality "1"]

1. e4 e5 2. Nf3 Nc6 3. d4 exd4 4. Nxd4 Bc5 5. Nb3 Bb6 6. Qe2 d6 7. Be3 Nge7 8. Nc3 0-0 9. 0-0-0 f5 10. f3 fxe4 11. fxe4 Ne5 12. h3 Qe8 13. Kb1 Bd7 14. Bd4 N7c6 15. Bxb6 axb6 16. Nd5 Qd8 17. Qd2 Kh8 18. Bb5 Ne7 19. Bxd7 Qxd7 20. Rhf1 N7g6 21. Qc3 Nc6 22. Qg3 Rfe8 23. Rde1 Nge5 24. Qg5 Re6 25. Qf4 Kg8 26. Qd2 Nc4 27. Qc3 N6e5 28. Nd4 Rg6 29. Nf5 Rxg2 30. Nde7+ Kh8 31. Rd1 g6 32. Nh4 Nd2+ 33. Rxd2 Rxd2 34. Qxd2 Qxe7 35. Nf3 Nxf3 36. Rxf3 Qxe4 37. Qf2 Kg8 38. a3 Re8 39. Ka2 Qe6+ 40. b3 Re7 41. Qg2 d5 42. Qf2 Qe2 43. Rf8+ Kg7 44. Qf6+ Kh6 45. Qh4+ Kg7 46. Qf6+ 1/2-1/2

[Event "Pan American-ch U16 Girls 27th"]
[Site "Montevideo"]
[Date "2016.07.27"]
[Round "4"]
[White "Velasquez, Angie Gabriela"]
[Black "Yang, Kaitlyn"]
[Result "1-0"]
[WhiteElo "1629"]
[BlackElo "1719"]
[PlyCount "119"]
[EventDate "2016.07.25"]
[EventType "swiss"]
[EventRounds "9"]
[EventCountry "URU"]
[SourceTitle "EXT 2017"]
[Source "ChessBase"]
[SourceDate "2016.10.25"]
[SourceVersion "1"]
[SourceVersionDate "2016.10.25"]
[SourceQuality "1"]

1. e4 e5 2. Nf3 Nc6 3. d4 exd4 4. Nxd4 Bc5 5. Be3 Qf6 6. c3 Nge7 7. Be2 0-0 8. 0-0 b6 9. f4 d5 10. e5 Qg6 11. Bd3 Qg4 12. Nd2 Bxd4 13. Bxd4 Qxd1 14. Raxd1 Nxd4 15. cxd4 Nf5 16. Bxf5 Bxf5 17. Rc1 Rfc8 18. Kf2 Kf8 19. Nf3 c5 20. Rfd1 Be4 21. dxc5 Rxc5 22. Rxc5 bxc5 23. Ng5 Rb8 24. Nxe4 dxe4 25. Rd2 f5 26. exf6 gxf6 27. Ke3 Rb4 28. a3 Rc4 29. f5 Ke7 30. g4 h6 31. h3 a6 32. Kf4 h5 33. Re2 hxg4 34. hxg4 Kf7 35. Rxe4 Rc2 36. b4 Rc3 37. bxc5 Rxc5 38. Rb4 a5 39. Re4 Rc1 40. Ra4 Rc5 41. g5 fxg5+ 42. Kxg5 Kg7 43. Rd4 Kf7 44. Rd7+ Ke8 45. Ra7 Rb5 46. Kg6 Rb3 47. Rxa5 Rg3+ 48. Kf6 Kd7 49. a4 Kd6 50. Re5 Rg8 51. Re6+ Kd7 52. a5 Rf8+ 53. Ke5 Ra8 54. a6 Rb8 55. a7 Ra8 56. f6 Rh8 57. Re7+ Kc6 58. Ke6 Rd8 59. f7 Rd6+ 60. Ke5 1-0